[Event "Titled Tue 17th Jun Early"]
[Site "chess.com INT"]
[Date "2025.06.17"]
[Round "10"]
[White "Jakovljevic, Dejan"]
[Black "Osiecki, Stanislaw"]
[Result "1-0"]
[WhiteTitle "CM"]
[BlackTitle "FM"]
[WhiteElo "1956"]
[BlackElo "1944"]
[WhiteFideId "949418"]
[BlackFideId "1102990"]
[EventDate "2025.06.17"]

1. e4 e6 2. d4 d5 3. e5 c5 4. c3 Nc6 5. Nf3 Qb6 6. a3 c4 7. Be2 Na5 8. O-O Bd7
9. Nbd2 O-O-O 10. Rb1 Kb8 11. Qc2 Rc8 12. b4 cxb3 13. Nxb3 Ba4 14. Nfd2 Nxb3 15.
Nxb3 Bxb3 16. Rxb3 Qxd4 17. Qb2 Qxe5 18. Rxb7+ Ka8 19. Be3 Bc5 20. Bxc5 Rxc5 21.
Rb1 Rc8 22. Rxa7+ 1-0

[Event "Titled Tue 17th Jun Early"]
[Site "chess.com INT"]
[Date "2025.06.17"]
[Round "10"]
[White "Sahib, Singh"]
[Black "Donchenko, Alexander"]
[Result "0-1"]
[WhiteTitle "FM"]
[BlackTitle "GM"]
[WhiteElo "2407"]
[BlackElo "2613"]
[WhiteFideId "25618342"]
[BlackFideId "24603295"]
[EventDate "2025.06.17"]

1. e4 c6 2. Nf3 d5 3. d3 dxe4 4. dxe4 Qxd1+ 5. Kxd1 Nd7 6. Be3 Ngf6 7. Nbd2 Ng4
8. Ke2 Nxe3 9. Kxe3 e5 10. Bc4 a5 11. a4 f6 12. Ke2 Nc5 13. Bd3 Nxd3 14. cxd3
Be6 15. d4 exd4 16. Nxd4 Bf7 17. Rhd1 O-O-O 18. N2f3 Bb4 19. Ne1 Rhe8 20. f3 g6
21. Nec2 Bc5 22. Kf1 f5 23. b3 fxe4 24. Kf2 Bxb3 0-1

[Event "Titled Tue 17th Jun Early"]
[Site "chess.com INT"]
[Date "2025.06.17"]
[Round "10"]
[White "Murawski, Jan"]
[Black "Raptis, Nick"]
[Result "0-1"]
[WhiteTitle "CM"]
[BlackTitle "FM"]
[WhiteElo "2164"]
[BlackElo "2220"]
[WhiteFideId "21009287"]
[BlackFideId "2016850"]
[EventDate "2025.06.17"]

1. c4 Nf6 2. Nc3 g6 3. d4 d6 4. e4 Bg7 5. Be2 O-O 6. Bg5 c5 7. d5 b5 8. cxb5 a6
9. Nf3 axb5 10. Bxb5 Nxe4 11. Nxe4 Qa5+ 12. Nc3 Bxc3+ 13. bxc3 Qxb5 14. Qe2 Ba6
15. Qxb5 Bxb5 16. Kd2 f6 17. Be3 Bc4 18. a4 Bxd5 19. Rhb1 Nc6 20. Rb5 Na5 21.
Ke1 Nc4 22. a5 Bc6 23. Rb3 Nxa5 24. Rba3 Nc4 0-1

[Event "Titled Tue 17th Jun Early"]
[Site "chess.com INT"]
[Date "2025.06.17"]
[Round "10"]
[White "Safin Safarullakhan"]
[Black "Redor, Menandro"]
[Result "1-0"]
[WhiteTitle "CM"]
[WhiteElo "2028"]
[BlackElo "2021"]
[WhiteFideId "33379475"]
[BlackFideId "5222010"]
[EventDate "2025.06.17"]

1. e4 c6 2. d4 d5 3. exd5 cxd5 4. Bd3 Nc6 5. c3 Nf6 6. Bf4 e6 7. Nf3 Bd6 8. Bxd6
Qxd6 9. Qe2 O-O 10. O-O Nd7 11. Re1 Re8 12. Ne5 f6 13. Bxh7+ Kxh7 14. Qh5+ Kg8
15. Qxe8+ Nf8 16. Qf7+ Kh8 17. Re3 Nxe5 18. Rh3+ Nh7 19. Qe8+ Qf8 20. Qxf8# 1-0

[Event "Titled Tue 17th Jun Early"]
[Site "chess.com INT"]
[Date "2025.06.17"]
[Round "10"]
[White "Garcia Correa, Jose Ricardo"]
[Black "Weerasekara, Dishal Nimsara"]
[Result "0-1"]
[WhiteTitle "FM"]
[BlackTitle "FM"]
[WhiteElo "2103"]
[BlackElo "2125"]
[WhiteFideId "5101832"]
[BlackFideId "9997431"]
[EventDate "2025.06.17"]

1. e4 c6 2. d4 d5 3. Nc3 dxe4 4. Nxe4 Nf6 5. Ng5 Bf5 6. Bc4 e6 7. N1f3 Nbd7 8.
Qe2 h6 9. Nh3 Bxh3 10. gxh3 Qa5+ 11. c3 Qh5 12. Bf4 Qxh3 13. O-O-O Qf5 14. Bg3
Be7 15. Ne5 Nxe5 16. Bxe5 Qe4 17. Qd2 Nd5 18. Bxg7 Bg5 19. Bxh8 Bxd2+ 20. Rxd2
Qxh1+ 0-1

[Event "Titled Tue 17th Jun Early"]
[Site "chess.com INT"]
[Date "2025.06.17"]
[Round "10"]
[White "Salimova, Asal"]
[Black "Kiseleva, Arina"]
[Result "1-0"]
[WhiteTitle "WCM"]
[BlackTitle "WCM"]
[WhiteElo "2063"]
[BlackElo "1994"]
[WhiteFideId "14204940"]
[BlackFideId "4164989"]
[EventDate "2025.06.17"]

1. c4 Nf6 2. g3 e5 3. Bg2 Nc6 4. Nc3 Bb4 5. e4 Bxc3 6. bxc3 d6 7. Ne2 O-O 8. O-O
Be6 9. d3 Nd7 10. f4 f5 11. Be3 Nc5 12. fxe5 Nxe5 13. Nf4 Bf7 14. exf5 Qf6 15.
Nd5 Qd8 16. f6 g6 17. Ne7+ Kh8 18. Bh6 Re8 19. Bg7# 1-0

[Event "Titled Tue 17th Jun Early"]
[Site "chess.com INT"]
[Date "2025.06.17"]
[Round "10"]
[White "Srihari, L"]
[Black "Shahinyan, Vladimir"]
[Result "1-0"]
[WhiteTitle "IM"]
[BlackTitle "CM"]
[WhiteElo "2353"]
[BlackElo "2202"]
[WhiteFideId "46642056"]
[BlackFideId "13314599"]
[EventDate "2025.06.17"]

1. c4 c6 2. Nc3 d5 3. e3 Nf6 4. Nf3 g6 5. b3 Bg7 6. Bb2 O-O 7. Be2 Ne4 8. Qc2
Bf5 9. Nh4 Bxc3 10. dxc3 Nxf2 11. Nxf5 Nxh1 12. Nh6+ Kg7 13. Ng4 h5 14. Ne5 Qb6
15. c5 Qxc5 16. c4 f6 17. Qxg6+ Kh8 18. Qxh5+ Kg7 19. Qg6+ Kh8 20. Qh6+ Kg8 21.
Bd3 f5 22. Qg6+ 1-0

[Event "Titled Tue 17th Jun Early"]
[Site "chess.com INT"]
[Date "2025.06.17"]
[Round "10"]
[White "Galperin, Platon"]
[Black "Lazavik, Denis"]
[Result "0-1"]
[WhiteTitle "GM"]
[BlackTitle "GM"]
[WhiteElo "2500"]
[BlackElo "2580"]
[WhiteFideId "14165414"]
[BlackFideId "13515110"]
[EventDate "2025.06.17"]

1. c4 Nf6 2. g3 g6 3. Bg2 Bg7 4. d4 O-O 5. Nc3 d6 6. h3 c6 7. e4 e5 8. Nge2 Nbd7
9. d5 cxd5 10. exd5 a6 11. Be3 Rb8 12. a4 a5 13. g4 b6 14. Ng3 Nc5 15. g5 Ne8
16. h4 f5 17. gxf6 Nxf6 18. h5 Ng4 19. hxg6 Nxe3 20. gxh7+ Kh8 21. fxe3 Qg5 22.
Nce2 Bg4 23. Rg1 Qxe3 24. Ra3 Qxg1+ 25. Nxg1 Bxd1 26. Kxd1 Rf2 27. Bh3 e4 28.
Re3 Bd4 29. Re1 Rxb2 0-1

[Event "Titled Tue 17th Jun Early"]
[Site "chess.com INT"]
[Date "2025.06.17"]
[Round "10"]
[White "Arya G Mallar"]
[Black "Troltenier, Dirk"]
[Result "0-1"]
[WhiteTitle "WCM"]
[BlackTitle "FM"]
[WhiteElo "2000"]
[BlackElo "2174"]
[WhiteFideId "25115324"]
[BlackFideId "4606400"]
[EventDate "2025.06.17"]

1. c4 e6 2. g3 d5 3. Bg2 Nf6 4. Nf3 c5 5. cxd5 exd5 6. d4 Nc6 7. O-O Be7 8. Nc3
O-O 9. dxc5 Bxc5 10. Bg5 d4 11. Na4 Be7 12. Rc1 Be6 13. Nc5 Bxc5 14. Rxc5 h6 15.
Bf4 Qb6 16. Qc2 Nb4 17. Qc1 Nxa2 18. Qc2 Bb3 19. Qf5 g6 20. Qe5 Rfe8 21. Qxd4
Rad8 22. Qc3 Nxc3 0-1

[Event "Titled Tue 17th Jun Early"]
[Site "chess.com INT"]
[Date "2025.06.17"]
[Round "10"]
[White "Skiadopoulos, Nikolaos"]
[Black "Junior, Liduino F Vasconcelos"]
[Result "0-1"]
[WhiteTitle "CM"]
[WhiteElo "1882"]
[BlackElo "2047"]
[WhiteFideId "4200772"]
[BlackFideId "2109913"]
[EventDate "2025.06.17"]

1. e4 e6 2. d4 d5 3. e5 c5 4. c3 Nc6 5. Nf3 f6 6. Bb5 Bd7 7. Bxc6 Bxc6 8. O-O
Qb6 9. dxc5 Bxc5 10. b4 Be7 11. a4 fxe5 12. Nxe5 Nf6 13. b5 Bd7 14. Bg5 Bc8 15.
Bxf6 Bxf6 16. Qh5+ g6 17. Nxg6 hxg6 18. Qxg6+ Ke7 19. Ra2 Bd7 20. Re2 Rag8 21.
Qf5 Rg5 22. Qf4 Qd6 23. Qxd6+ Kxd6 24. Nd2 Bxc3 25. Nf3 Rg4 26. h3 Rxh3 27. Rc1
Rxf3 0-1

[Event "Titled Tue 17th Jun Early"]
[Site "chess.com INT"]
[Date "2025.06.17"]
[Round "10"]
[White "Thomforde-Toates, Noah"]
[Black "Shevchenko, Yaroslav"]
[Result "1-0"]
[WhiteElo "2128"]
[BlackElo "2179"]
[WhiteFideId "30951992"]
[BlackFideId "34144684"]
[EventDate "2025.06.17"]

1. d4 e6 2. Nc3 d5 3. Bf4 Bb4 4. e3 Nf6 5. Bd3 c5 6. dxc5 Nc6 7. Ne2 e5 8. Bg5
Be6 9. O-O O-O 10. a3 Bxc5 11. e4 d4 12. Nd5 Be7 13. Nxe7+ Qxe7 14. f4 exf4 15.
Nxf4 h6 16. Nd5 Bxd5 17. Bxf6 gxf6 18. Qg4+ Kh8 19. Qh4 Be6 20. Rxf6 Kg7 21.
Qxh6+ 1-0

[Event "Titled Tue 17th Jun Early"]
[Site "chess.com INT"]
[Date "2025.06.17"]
[Round "10"]
[White "Sailer, Mike"]
[Black "Goncharov, Vladimir"]
[Result "0-1"]
[WhiteElo "2108"]
[BlackElo "2077"]
[WhiteFideId "2012901"]
[BlackFideId "34162256"]
[EventDate "2025.06.17"]

1. d4 Nf6 2. Nf3 e6 3. e3 b6 4. Bd3 Bb7 5. O-O c5 6. b3 cxd4 7. exd4 d6 8. c4
Be7 9. Nc3 O-O 10. a4 Nc6 11. Re1 Nb4 12. Bf1 d5 13. Bf4 Rc8 14. a5 dxc4 15.
bxc4 bxa5 16. Qa4 Bc6 17. Qxa5 Nc2 18. Qxa7 Ra8 19. Ne5 Rxa7 20. Nxc6 Rxa1 21.
Nxd8 0-1

[Event "Titled Tue 17th Jun Early"]
[Site "chess.com INT"]
[Date "2025.06.17"]
[Round "10"]
[White "Papasimakopoulos, Alexandros"]
[Black "Stanojevic, Ilija"]
[Result "1-0"]
[WhiteTitle "IM"]
[BlackTitle "FM"]
[WhiteElo "2366"]
[BlackElo "2189"]
[WhiteFideId "4244125"]
[BlackFideId "959995"]
[EventDate "2025.06.17"]

1. d4 Nf6 2. c4 e6 3. Nc3 d5 4. cxd5 exd5 5. Bg5 Be6 6. e3 Be7 7. Bd3 Nbd7 8.
Nge2 c6 9. Nf4 Bg4 10. Qc2 h6 11. Bxf6 Nxf6 12. h3 Bd7 13. Bf5 Bxf5 14. Qxf5 Bd6
15. Nd3 O-O 16. g4 Nh7 17. h4 Qf6 18. Qxf6 Nxf6 19. g5 hxg5 20. hxg5 Nd7 21. Kd2
g6 22. f4 Kg7 23. Ne5 Nxe5 24. dxe5 Be7 25. a3 Rh8 26. Kd3 Rad8 27. b4 b6 28.
Rab1 Rxh1 29. Rxh1 c5 30. bxc5 Bxc5 31. Nb5 a6 32. Nd4 Bxa3 33. Ra1 Bc5 34. Rxa6
Rh8 35. Ra7 Kg8 36. Rd7 Rh1 37. Rxd5 Rd1+ 38. Ke4 Re1 39. Rd7 Kf8 40. e6 fxe6
41. Nxe6+ Ke8 42. Nxc5 bxc5 43. Rg7 c4 44. Rxg6 c3 45. Rc6 Rc1 46. Kd3 1-0

[Event "Titled Tue 17th Jun Early"]
[Site "chess.com INT"]
[Date "2025.06.17"]
[Round "10"]
[White "Mummana Venkata Ruthvik"]
[Black "Xalmatov, Yakubjon"]
[Result "1-0"]
[WhiteTitle "CM"]
[BlackTitle "CM"]
[WhiteElo "2237"]
[BlackElo "2096"]
[WhiteFideId "25697307"]
[BlackFideId "14201615"]
[EventDate "2025.06.17"]

1. Nf3 Nf6 2. g3 d5 3. b3 g6 4. Bb2 Bg7 5. Bg2 O-O 6. O-O c5 7. d4 cxd4 8. Nxd4
Nc6 9. Nd2 e5 10. Nxc6 bxc6 11. Bxe5 a5 12. c4 a4 13. Qc1 Be6 14. Rd1 Qb6 15. e3
axb3 16. axb3 dxc4 17. bxc4 Nh5 18. Bxg7 Nxg7 19. Qc3 Nf5 20. Ne4 Rxa1 21. Rxa1
f6 22. Nxf6+ Kf7 23. Ne4 h6 24. Qf6+ 1-0

[Event "Titled Tue 17th Jun Early"]
[Site "chess.com INT"]
[Date "2025.06.17"]
[Round "10"]
[White "Tristan, Leonardo"]
[Black "Deng, Henry"]
[Result "1-0"]
[WhiteTitle "GM"]
[BlackTitle "FM"]
[WhiteElo "2536"]
[BlackElo "2327"]
[WhiteFideId "113816"]
[BlackFideId "30965454"]
[EventDate "2025.06.17"]

1. d4 d5 2. Nf3 c6 3. Bf4 Nf6 4. e3 g6 5. c4 Bg7 6. Nc3 O-O 7. h3 c5 8. dxc5 Qa5
9. cxd5 Ne4 10. Nd2 Nxc3 11. bxc3 Bxc3 12. Rc1 Na6 13. Qc2 Bb4 14. Bxa6 bxa6 15.
a3 Qxa3 16. O-O Bxd2 17. Qxd2 Bf5 18. Rfd1 Rfd8 19. Qd4 Rac8 20. e4 Bd7 21. Be3
Bb5 22. Qe5 Re8 23. Bd4 f5 24. Qg7# 1-0

[Event "Titled Tue 17th Jun Early"]
[Site "chess.com INT"]
[Date "2025.06.17"]
[Round "10"]
[White "Altynbek, Aiaru"]
[Black "Souleidis, Georgios"]
[Result "0-1"]
[WhiteTitle "WFM"]
[BlackTitle "IM"]
[WhiteElo "1977"]
[BlackElo "2418"]
[WhiteFideId "13752472"]
[BlackFideId "4206827"]
[EventDate "2025.06.17"]

1. d4 Nf6 2. c4 g6 3. Nf3 Bg7 4. g3 O-O 5. Bg2 d6 6. Nc3 Nc6 7. O-O e5 8. dxe5
Nxe5 9. b3 Nxf3+ 10. Bxf3 Ne4 11. Nxe4 Bxa1 12. Bg5 f6 13. Bh6 Be5 14. Bxf8 Qxf8
15. Bg2 f5 16. Ng5 c6 17. f4 Bf6 18. e4 h6 19. e5 dxe5 20. fxe5 Bxg5 21. h4 Be3+
22. Kh2 Be6 23. Qe2 Bc5 24. g4 Qe7 25. Qe1 Rf8 26. Qg3 fxg4 27. Rxf8+ Qxf8 28.
Be4 Kg7 29. Qd3 Qf4+ 0-1

[Event "Titled Tue 17th Jun Early"]
[Site "chess.com INT"]
[Date "2025.06.17"]
[Round "10"]
[White "Klukin, Kirill"]
[Black "Krawczyk, Flawian"]
[Result "1-0"]
[WhiteTitle "IM"]
[BlackTitle "CM"]
[WhiteElo "2401"]
[BlackElo "2247"]
[WhiteFideId "24199273"]
[BlackFideId "21881413"]
[EventDate "2025.06.17"]

1. d4 Nf6 2. Nf3 e6 3. e3 b6 4. Bd3 Bb7 5. O-O g6 6. c4 Bg7 7. Nc3 O-O 8. b3 d5
9. cxd5 exd5 10. Bb2 Nbd7 11. Rc1 a6 12. Qc2 Rc8 13. Rfd1 Re8 14. Ne2 c5 15.
dxc5 bxc5 16. Nf4 Qb6 17. Bf1 a5 18. a4 d4 19. Ng5 h6 20. Nxf7 Be4 21. Qc4 Kh7
22. Bd3 dxe3 23. fxe3 Qc6 24. Bxe4 Rxe4 25. Qd3 c4 26. Rxc4 Nc5 27. Rxc5 Qxc5
28. Bxf6 Rxe3 29. Qxg6+ Kg8 30. Qxg7# 1-0

[Event "Titled Tue 17th Jun Early"]
[Site "chess.com INT"]
[Date "2025.06.17"]
[Round "10"]
[White "Dobre, Claudiu-Cristian"]
[Black "Verbovsky, Michal"]
[Result "1-0"]
[WhiteTitle "IM"]
[BlackTitle "CM"]
[WhiteElo "2287"]
[BlackElo "2172"]
[WhiteFideId "1211854"]
[BlackFideId "14934213"]
[EventDate "2025.06.17"]

1. d4 Nf6 2. Nf3 d6 3. c4 Nbd7 4. Nc3 e5 5. e4 Be7 6. Be2 O-O 7. O-O c6 8. Qc2
Qc7 9. Rd1 a6 10. Bg5 Re8 11. Rac1 Bf8 12. d5 c5 13. Qd2 g6 14. h3 Kh8 15. Nh2
Bg7 16. Ng4 Ng8 17. Nh6 Nxh6 18. Bxh6 Nf6 19. Qg5 Ng8 20. Bxg7+ Kxg7 21. Bg4
Bxg4 22. hxg4 Qe7 23. Qxe7 Rxe7 24. Rb1 Nf6 25. f3 Rb8 26. b4 Rc7 27. Na4 Nd7
28. b5 axb5 29. Rxb5 Ra8 30. Nc3 Ra3 31. Rb3 Rxb3 32. axb3 Kf6 33. Nb5 Rc8 34.
Nxd6 Rb8 35. Ra1 Ke7 36. Nb5 f5 37. gxf5 gxf5 38. exf5 Kf6 39. Ra7 Nf8 40. Nd6
b6 41. Rf7+ Kg5 42. Ne4+ Kf4 43. Kf2 1-0

[Event "Titled Tue 17th Jun Early"]
[Site "chess.com INT"]
[Date "2025.06.17"]
[Round "10"]
[White "Postny, Evgeny"]
[Black "Pakleza, Zbigniew"]
[Result "1-0"]
[WhiteTitle "GM"]
[BlackTitle "GM"]
[WhiteElo "2525"]
[BlackElo "2484"]
[WhiteFideId "2804344"]
[BlackFideId "1119290"]
[EventDate "2025.06.17"]

1. e4 d6 2. d4 Nf6 3. f3 Nbd7 4. c4 e5 5. d5 Be7 6. Nc3 O-O 7. Be3 Nh5 8. Qd2 g6
9. O-O-O a6 10. Bd3 b5 11. cxb5 axb5 12. Bxb5 Ba6 13. Bc6 Rb8 14. Nge2 Nb6 15.
b3 Bb7 16. Bb5 Ra8 17. a4 Ng7 18. Kb2 f5 19. Nc1 Qc8 20. N1a2 Ba6 21. Bxa6 Qxa6
22. Nb4 Qb7 23. Bxb6 Qxb6 24. Nc6 Bf6 25. Ra1 Nh5 26. g3 Bg7 27. a5 Qb7 28. Qe2
Ra6 29. Ra4 Rfa8 30. Rb4 Qc8 31. Ne7+ 1-0

[Event "Titled Tue 17th Jun Early"]
[Site "chess.com INT"]
[Date "2025.06.17"]
[Round "10"]
[White "Iskusnyh, Sergei"]
[Black "Brady, Tyson"]
[Result "1-0"]
[WhiteTitle "GM"]
[BlackTitle "CM"]
[WhiteElo "2440"]
[BlackElo "2170"]
[WhiteFideId "4120027"]
[BlackFideId "30970369"]
[EventDate "2025.06.17"]

1. d4 Nf6 2. c4 c5 3. d5 b5 4. cxb5 a6 5. e3 g6 6. Nc3 Bg7 7. a4 axb5 8. Bxb5
O-O 9. Nf3 Ba6 10. O-O Bxb5 11. Nxb5 d6 12. Re1 Ne4 13. Qc2 f5 14. Nd2 Nxd2 15.
Bxd2 Nd7 16. Bc3 Ne5 17. f4 Ng4 18. Bxg7 Kxg7 19. Nc3 Qb6 20. h3 Nf6 21. e4 fxe4
22. Nxe4 Nxd5 23. Ng5 Kh6 24. Ne6 Rf5 25. g4 Rxf4 26. g5+ Kh5 27. Qe2+ Kh4 28.
Nxf4 c4+ 29. Kh2 1-0

[Event "Titled Tue 17th Jun Early"]
[Site "chess.com INT"]
[Date "2025.06.17"]
[Round "10"]
[White "Guerrero Cataldo, Juan Andres"]
[Black "Yevchenko, Oleksandr"]
[Result "1-0"]
[WhiteTitle "CM"]
[BlackTitle "CM"]
[WhiteElo "2082"]
[BlackElo "2276"]
[WhiteFideId "3421260"]
[BlackFideId "14108267"]
[EventDate "2025.06.17"]

1. d4 Nf6 2. c4 e6 3. Nf3 d5 4. g3 c5 5. Nc3 Nc6 6. Bg2 dxc4 7. Ne5 Bd7 8. Nxd7
Qxd7 9. dxc5 Qxd1+ 10. Nxd1 Bxc5 11. O-O Rc8 12. Be3 Na5 13. Rc1 O-O 14. Bxc5
Rxc5 15. b4 cxb3 16. Rxc5 b6 17. Rc7 bxa2 18. Nc3 Nd5 19. Nxd5 exd5 20. Bxd5 1-0

[Event "Titled Tue 17th Jun Early"]
[Site "chess.com INT"]
[Date "2025.06.17"]
[Round "10"]
[White "Mrudul, Dehankar"]
[Black "Li, Eric 2007"]
[Result "0-1"]
[WhiteTitle "WIM"]
[BlackTitle "IM"]
[WhiteElo "2078"]
[BlackElo "2372"]
[WhiteFideId "25096990"]
[BlackFideId "30939941"]
[EventDate "2025.06.17"]

1. e4 c5 2. Nf3 d6 3. d4 cxd4 4. Nxd4 Nf6 5. Nc3 a6 6. Be2 e5 7. Nb3 Be7 8. Be3
Be6 9. f3 O-O 10. Qd2 Nbd7 11. O-O-O b5 12. g4 b4 13. Nd5 Bxd5 14. exd5 Nb6 15.
h4 a5 16. Kb1 Nfxd5 17. Bxb6 Nxb6 18. f4 Qc7 19. f5 Rfc8 20. g5 a4 21. Nc1 a3
22. b3 Nd5 23. Bc4 Nc3+ 24. Ka1 d5 25. Be2 e4 26. Rdf1 Qe5 27. Qf4 Qd4 0-1

[Event "Titled Tue 17th Jun Early"]
[Site "chess.com INT"]
[Date "2025.06.17"]
[Round "10"]
[White "Karpenko, Anton"]
[Black "Svane, Rasmus"]
[Result "0-1"]
[WhiteTitle "CM"]
[BlackTitle "GM"]
[WhiteElo "2219"]
[BlackElo "2626"]
[WhiteFideId "34374353"]
[BlackFideId "4657101"]
[EventDate "2025.06.17"]

1. e4 c6 2. d4 d5 3. e5 Bf5 4. Nf3 e6 5. Be2 Ne7 6. O-O Ng6 7. Ne1 h5 8. g3 c5
9. Bxh5 cxd4 10. g4 Rxh5 11. gxh5 Nxe5 12. Bf4 Nbc6 13. f3 d3 14. cxd3 Qb6+ 15.
Kh1 Qxb2 16. Nd2 Nxd3 17. Nxd3 Bxd3 18. Re1 Bc2 19. Qc1 Ba3 20. Nb3 d4 21. h6
gxh6 22. Bg3 Qxc1 23. Nxc1 Bb2 24. Ne2 d3 25. Nf4 Bxa1 26. Rxa1 d2 0-1

[Event "Titled Tue 17th Jun Early"]
[Site "chess.com INT"]
[Date "2025.06.17"]
[Round "10"]
[White "Jakubowski, Krzysztof"]
[Black "Vaganian, Rafael A"]
[Result "1-0"]
[WhiteTitle "GM"]
[BlackTitle "GM"]
[WhiteElo "2448"]
[BlackElo "2449"]
[WhiteFideId "1112848"]
[BlackFideId "13300016"]
[EventDate "2025.06.17"]

1. e4 e6 2. d4 d5 3. Nc3 Bb4 4. e5 b6 5. a3 Bf8 6. b4 c5 7. dxc5 bxc5 8. b5 Nd7
9. f4 Bb7 10. Nf3 f6 11. Be2 Nh6 12. O-O Nf7 13. Kh1 Be7 14. f5 Ndxe5 15. fxe6
Ng5 16. Bxg5 Nxf3 17. Bxf3 fxg5 18. Bxd5 Rb8 19. Rf7 Bf6 20. Bxb7 1-0

[Event "Titled Tue 17th Jun Early"]
[Site "chess.com INT"]
[Date "2025.06.17"]
[Round "10"]
[White "Gubajdullin, Alexei"]
[Black "Tiitta, Sauli"]
[Result "1-0"]
[WhiteTitle "FM"]
[WhiteElo "2233"]
[BlackElo "2157"]
[WhiteFideId "4141202"]
[BlackFideId "502251"]
[EventDate "2025.06.17"]

1. Nf3 c5 2. g3 g6 3. Bg2 Bg7 4. O-O Nc6 5. d3 Nf6 6. Nbd2 O-O 7. e4 e5 8. Nc4
d6 9. Bg5 Be6 10. Ne3 h6 11. Bxf6 Bxf6 12. Nd2 Bg7 13. a4 f5 14. exf5 gxf5 15.
Nd5 Ne7 16. c4 Nxd5 17. Bxd5 Bxd5 18. cxd5 Qf6 19. a5 Qf7 20. Qb3 Rad8 21. Ra4
Kh7 22. Qa2 Rg8 23. b4 Bf6 24. Rb1 f4 25. bxc5 dxc5 26. Ne4 Be7 27. d6 Qxa2 28.
Rxa2 Bxd6 29. Nf6+ Kh8 30. Nxg8 Rxg8 31. Rxb7 fxg3 32. hxg3 c4 33. dxc4 Bc5 34.
Kg2 e4 35. Rd2 Rf8 36. Rc7 Bb4 37. Rdd7 Rf6 38. Rh7+ Kg8 39. Rcg7+ Kf8 40. Rxa7
Kg8 41. Rag7+ Kf8 42. Rb7 Kg8 43. a6 Bc5 44. Rbg7+ Kf8 45. a7 Rxf2+ 46. Kh3 Ra2
47. Rc7 Bg1 48. Rh8# 1-0

[Event "Titled Tue 17th Jun Early"]
[Site "chess.com INT"]
[Date "2025.06.17"]
[Round "10"]
[White "Sapocinic, Semion"]
[Black "Martic, Ivan SRB"]
[Result "0-1"]
[WhiteTitle "FM"]
[BlackTitle "FM"]
[WhiteElo "2296"]
[BlackElo "2270"]
[WhiteFideId "13908693"]
[BlackFideId "929301"]
[EventDate "2025.06.17"]

1. d4 Nf6 2. c4 g6 3. Nc3 Bg7 4. e4 d6 5. Be2 O-O 6. Be3 Nbd7 7. h4 h5 8. f3 a6
9. Nh3 c5 10. d5 b5 11. cxb5 axb5 12. Bxb5 Ba6 13. Bxa6 Rxa6 14. O-O Ne5 15. b3
Qa5 16. Qc2 Ne8 17. Bd2 Nc7 18. a4 Qb6 19. Nf2 c4 20. bxc4 Nxc4 21. Rab1 Qa7 22.
Bg5 Na3 23. Qd3 Nxb1 24. Rxb1 Bd4 25. Rf1 Rb8 26. Nb5 Nxb5 27. axb5 Bxf2+ 28.
Kh2 Ra2 29. e5 Qd4 30. Qxd4 Bxd4 31. e6 0-1

[Event "Titled Tue 17th Jun Early"]
[Site "chess.com INT"]
[Date "2025.06.17"]
[Round "10"]
[White "Nitish, Belurkar"]
[Black "Laddha, Shubh Jayesh"]
[Result "1-0"]
[WhiteTitle "IM"]
[BlackTitle "FM"]
[WhiteElo "2454"]
[BlackElo "2303"]
[WhiteFideId "5084768"]
[BlackFideId "30942799"]
[EventDate "2025.06.17"]

1. e4 c5 2. Nf3 d6 3. Nc3 Nf6 4. e5 dxe5 5. Nxe5 Nbd7 6. d4 cxd4 7. Qxd4 e6 8.
Bf4 Bc5 9. Qd2 Nxe5 10. Qxd8+ Kxd8 11. Bxe5 Bxf2+ 12. Kxf2 Ng4+ 13. Kg3 Nxe5 14.
Bb5 a6 15. Rad1+ Kc7 16. Rhe1 Ng6 17. Bd3 Bd7 18. Ne4 Bc6 19. Ng5 Raf8 20. Bxg6
hxg6 21. Rf1 Be8 22. Rd3 Bb5 23. Rc3+ Bc6 24. Rxf7+ Rxf7 25. Nxf7 Rh5 26. Re3
Rf5 27. Ne5 Rg5+ 28. Ng4 Rd5 29. Rxe6 Rd2 30. Ne3 Re2 31. Nd5+ 1-0

[Event "Titled Tue 17th Jun Early"]
[Site "chess.com INT"]
[Date "2025.06.17"]
[Round "10"]
[White "Vihaan Dumir"]
[Black "Ozen, Batuhan"]
[Result "0-1"]
[WhiteTitle "CM"]
[BlackTitle "CM"]
[WhiteElo "2230"]
[BlackElo "2128"]
[WhiteFideId "25901010"]
[BlackFideId "6345123"]
[EventDate "2025.06.17"]

1. d4 Nf6 2. Bg5 e6 3. e4 Be7 4. e5 Nd5 5. Bxe7 Qxe7 6. c4 Nb6 7. Nc3 d6 8. Nf3
dxe5 9. Nxe5 O-O 10. Bd3 N8d7 11. Nxd7 Bxd7 12. O-O Bc6 13. Qg4 Rad8 14. Rae1
Qf6 15. Re5 g6 16. b4 h5 17. Qg3 Rxd4 18. Rfe1 Rg4 19. Qe3 Bxg2 20. f4 Rd8 21.
Kf2 Bc6 22. h3 Rg2+ 23. Kf1 Rxd3 24. Qxd3 Qxf4+ 0-1